Statistics for Hawks without HAWKS

Click here to take the quiz!

General Stats

  • This quiz has been taken 8 times
  • The average score is 12 of 18

Answer Stats

Without HAWKSAnswer% Correct
Bogdn BogdnovicBogdan Bogdanovic
100%
Clint CpelClint Capela
100%
Dejounte MurryDejounte Murray
100%
Tre YoungTrae Young
100%
De'ndre unterDe'Andre Hunter
88%
J GriffinAJ Griffin
75%
Bruno FernndoBruno Fernando
75%
Jlen JononJalen Johnson
75%
Ptty MillPatty Mills
75%
ddiq BeySaddiq Bey
75%
Onye OonguOnyeka Okongwu
63%
Trent ForretTrent Forrest
63%
Moumed GueyeMouhamed Gueye
50%
et LundySeth Lundy
50%
obe BufinKobe Bufkin
38%
Grrion MteGarrison Mathews
25%
Vit rejciVit Krejci
25%
eley MtteWesley Matthews
25%

Score Distribution

Percentile by Number Answered

Percent of People with Each Score

Your Score History

You have not taken this quiz